000 00535nam a2200193Ia 4500
005 20260114185706.0
008 008 260114s9999 xx 000 0 eng d
020 _a9781472599957
037 _aEBOOK
040 _aCRL
_beng
_cCRL
041 _aeng
_2eng
084 _qCRL
100 _aMichael Adams
_9873218
245 0 _aNapoleon and Russia
260 _bBloomsbury
_c2006
856 _uhttps://doi.org/10.5040/9781472599957?locatt=label:secondary_bloomsburyCollections
942 _cEBOOK
999 _c1472166
_d1472166